[Event "NOR-chB"]
[Site "Oslo"]
[Date "2023.07.07"]
[Round "8"]
[White "Bech, Havard Eriksen"]
[Black "Rekdal, Yngve Mahle"]
[Result "1/2-1/2"]
[WhiteElo "1888"]
[BlackElo "1799"]
[PlyCount "118"]
[EventDate "2023.06.30"]
[EventType "swiss"]
[EventRounds "9"]
[EventCountry "NOR"]
[SourceTitle "EXT 2024"]
[Source "ChessBase"]
[SourceDate "2023.10.10"]
[SourceVersion "1"]
[SourceVersionDate "2023.10.10"]
[SourceQuality "1"]

1. d4 Nf6 2. c4 e6 3. Nf3 d5 4. g3 Be7 5. Bg2 0-0 6. 0-0 dxc4 7. Qc2 a6 8. a4 Bd7 9. Qxc4 Bc6 10. Bg5 Nbd7 11. Nc3 h6 12. Bxf6 Nxf6 13. Rfd1 Qd6 14. Ne5 Bxg2 15. Kxg2 Rfd8 16. e4 Qb4 17. Rac1 Qxc4 18. Nxc4 Bb4 19. f3 Rac8 20. Na2 c5 21. Nxb4 cxb4 22. a5 Rc7 23. Kf2 b3 24. Rd3 Ne8 25. e5 Rd5 26. Ke3 Rxa5 27. Nxa5 Rxc1 28. Nxb7 Nc7 29. Rxb3 Nd5+ 30. Kd2 Rg1 31. Nc5 a5 32. Rb8+ Kh7 33. Rb7 Rg2+ 34. Kc1 Kg6 35. Nd7 f6 36. Nf8+ Kf5 37. g4+ Kf4 38. Rb3 Rg1+ 39. Kd2 Rg2+ 40. Ke1 Ne3 41. Ng6+ Kg5 42. Rxe3 Kxg6 43. Re2 Rg1+ 44. Kd2 Rf1 45. d5 fxe5 46. dxe6 Kf6 47. Rxe5 Ke7 48. Re3 Rf2+ 49. Re2 Rxf3 50. Re3 Rf2+ 51. Re2 Rxe2+ 52. Kxe2 Kxe6 53. Kd3 Kd5 54. b3 Kc5 55. Kc3 g5 56. h3 Kb5 57. Kb2 Kb4 58. Kc2 Kb5 59. Kb2 Kb4 1/2-1/2

[Event "Ski Follosjakken Grand Prix 4 B"]
[Site "Ski"]
[Date "2018.10.13"]
[Round "1"]
[White "Rekdal, Yngve Mahle"]
[Black "Westrum, Kim Roger Hansen"]
[Result "0-1"]
[WhiteElo "1376"]
[BlackElo "1547"]
[PlyCount "102"]
[EventDate "2018.10.13"]
[EventType "swiss (rapid)"]
[EventRounds "6"]
[EventCountry "NOR"]
[SourceTitle "EXT 2024"]
[Source "ChessBase"]
[SourceDate "2023.10.10"]
[SourceVersion "1"]
[SourceVersionDate "2023.10.10"]
[SourceQuality "1"]

1. d4 Nf6 2. c4 e6 3. Nc3 Bb4 4. Bg5 h6 5. Bh4 0-0 6. Nf3 b6 7. e4 g5 8. Nxg5 hxg5 9. Bxg5 Be7 10. Bxf6 Bxf6 11. Qg4+ Bg7 12. h4 Qf6 13. h5 Qh6 14. Bd3 d6 15. e5 Nc6 16. f4 Nxd4 17. Ne4 dxe5 18. Nf6+ Qxf6 19. h6 Nf5 20. hxg7 Qxg7 21. Qxg7+ Kxg7 22. g4 Bb7 23. Rh3 e4 24. gxf5 exd3 25. fxe6 fxe6 26. Rxd3 Rxf4 27. Ke2 Raf8 28. Rd7+ R8f7 29. Rg1+ Kf6 30. Rd3 e5 31. Ra3 a5 32. c5 Ba6+ 33. Ke3 Ke6 34. Rg6+ R7f6 35. Rg8 Rf3+ 36. Kd2 Rxa3 37. bxa3 bxc5 38. Ra8 Kd5 39. Ra7 Rc6 40. Ke3 c4 41. Kd2 c3+ 42. Kc2 e4 43. Ra8 Kd4 44. Rd8+ Rd6 45. Rc8 Bd3+ 46. Kc1 c5 47. Ra8 e3 48. Re8 Rh6 49. Rd8+ Kc4 50. Rf8 Rh1+ 51. Rf1 Rxf1# 0-1